|
|
|
|
| LEADER |
01519nam a22003017a 4500 |
| 001 |
AAL1802 |
| 003 |
BD-DhAAL |
| 005 |
20171011105602.0 |
| 008 |
171010s 2017bg ao||| |||| 00| 0 ben d |
| 999 |
|
|
|c 38419
|d 38419
|
| 020 |
|
|
|a 9789845024129
|
| 040 |
|
|
|a BD-DhAAL
|c BD-DhAAL
|
| 082 |
|
|
|a 954.9205092
|
| 245 |
|
|
|a বাংলাদেশ আমার বাংলাদেশ :
|b বঙ্গবন্ধুর নির্বাচিত বক্তৃতা ও বিবৃতি /
|c রামেন্দু মজুমদার সম্পাদিত
|
| 250 |
|
|
|a পরিমার্জিত সংস্করণ
|
| 260 |
|
|
|a ঢাকা :
|b অন্যপ্রকাশ,
|c ২০১৭
|
| 300 |
|
|
|a ১৯৫ পৃষ্ঠা :
|b চিত্র ;
|c ২২ সে.মি.
|
| 526 |
|
|
|a AAL
|
| 541 |
|
|
|e 32190 & 32191
|
| 546 |
|
|
|a BEN
|
| 600 |
|
|
|a Sheikh, Mujibur Rahman
|d 1920-1975
|9 22453
|
| 650 |
|
|
|a Bangladesh
|x Politics and government
|9 22454
|
| 651 |
|
|
|a Bangladesh
|9 18632
|
| 700 |
|
|
|a মজুমদার, রামেন্দু
|9 18633
|
| 852 |
|
|
|a Ayesha Abed Library
|c General Stacks
|
| 942 |
|
|
|2 ddc
|c BK
|
| 952 |
|
|
|0 0
|1 0
|2 ddc
|4 0
|6 954_920509200000000_BAN
|7 0
|9 61542
|a BRACUL
|b BRACUL
|c BNC
|d 2017-10-11
|e বিভাস
|g 380.00
|l 1
|o 954.9205092 BAN
|p 3010032190
|r 2022-04-05
|s 2021-12-06
|t 1
|w 2017-10-11
|y BK
|
| 952 |
|
|
|0 0
|1 0
|2 ddc
|4 0
|6 954_920509200000000_BAN
|7 0
|9 61543
|a BRACUL
|b BRACUL
|c BNC
|d 2017-10-11
|e বিভাস
|g 380.00
|l 0
|o 954.9205092 BAN
|p 3010032191
|r 2017-10-11
|t 2
|w 2017-10-11
|y BK
|